All AEW Tag Team Champions - Statistics

General Stats
  • This quiz has been taken 26 times
  • The average score is 5 of 8
Answer Stats
Reign No. Date of Title Win Duration of Reign Champions % Correct
1 September 5, 2020 63 days FTR
94%
1 November 7, 2020 302 days The Young Bucks
94%
2 June 15, 2022 28 days The Young Bucks
94%
1 January 21, 2020 228 days Kenny Omega and Adam Page
72%
1 September 5, 2021 122 days The Lucha Brothers
56%
1 January 5, 2022 161 days Jurassic Express
50%
1 July 13, 2022 41+ days Swerve In Our Glory
39%
1 October 30, 2019 83 days SoCal Uncensored
33%
No matching quizzes found
Score Distribution
Percent of People with Each Score
Percentile by Number Answered
Your Score History
You have not taken this quiz